Welcome to CU Library Online Public Access Catalogue (OPAC)

Tommy Burns (Record no. 5362)

MARC details
000 -LEADER
fixed length control field 00655ckm a22002053a 4500
001 - CONTROL NUMBER
control field 12609667
005 - DATE AND TIME OF LATEST TRANSACTION
control field 20250405135135.0
007 - PHYSICAL DESCRIPTION FIXED FIELD--GENERAL INFORMATION
fixed length control field kh||||
007 - PHYSICAL DESCRIPTION FIXED FIELD--GENERAL INFORMATION
fixed length control field cr||||
008 - FIXED-LENGTH DATA ELEMENTS--GENERAL INFORMATION
fixed length control field 011205s1910 xxunnn kneng
050 00 - LIBRARY OF CONGRESS CALL NUMBER
Classification number LOT 10816
Item number [item]
245 00 - TITLE STATEMENT
Title Tommy Burns
Medium [graphic].
260 ## - PUBLICATION, DISTRIBUTION, ETC.
Date of publication, distribution, etc. c1910 March 10.
300 ## - PHYSICAL DESCRIPTION
Extent 1 photographic print.
500 ## - GENERAL NOTE
General note Title and other information transcribed from caption card and item.
500 ## - GENERAL NOTE
General note George Grantham Bain Collection (Library of Congress).
650 #7 - SUBJECT ADDED ENTRY--TOPICAL TERM
Topical term or geographic name entry element Boxers (Sports)
Chronological subdivision 1910.
Source of heading or term lctgm
856 41 - ELECTRONIC LOCATION AND ACCESS
Materials specified b&w film copy neg.
Path cph
Electronic name 3a29624
Uniform Resource Identifier <a href="http://hdl.loc.gov/loc.pnp/cph.3a29624">http://hdl.loc.gov/loc.pnp/cph.3a29624</a>
942 ## - ADDED ENTRY ELEMENTS (KOHA)
Source of classification or shelving scheme Library of Congress Classification
Koha item type Books
Suppress in OPAC No
999 ## -
-- 5362
-- 5362
Holdings
Withdrawn status Lost status Source of classification or shelving scheme Damaged status Not for loan Collection Home library Current library Shelving location Date acquired Total checkouts Full call number Barcode Date last seen Copy number Price effective from Koha item type
    Library of Congress Classification     Non-fiction Undergraduate Library (Christ Temple) Undergraduate Library (Christ Temple) General stacks 04/05/2025   HD30.28 STR ulct00002097 04/05/2025 1 04/05/2025 Books
© 2023-2024 Copyright: Central University Libraries. All Rights Reserved | Created by: Mahone Tech Office